| 000 | 00442nam a22001577a 4500 | ||
|---|---|---|---|
| 008 | 250529b |||||||| |||| 00| 0 eng d | ||
| 020 | _a0333657411 | ||
| 050 |
_aTA330 _b.S76 1996 |
||
| 100 | _aStroud K.A. | ||
| 245 |
_aFurther Engineering Mathematics: _bProgrammes and Problems. |
||
| 250 | _a3rd | ||
| 260 |
_aLondon _bMacmillan Press Ltd. _c1996 |
||
| 300 |
_axx, 322p.: _billustrstion; |
||
| 650 | _aEngineering Mathematics. | ||
| 942 | _cBK | ||
| 999 |
_c3715 _d3715 |
||